000
00318nam a2200133Ia 4500
005
20251222144901.0
008
251222s9999||||xx |||||||||||||| ||spa||
020
_a
84-206-3868-4
082
_a
791.430.98/E38
100
_a
Elena, Alberto
245
0
_a
Tierra en trance:
264
_b
Alianza Editorial
942
_c
LIB
999
_c
21974
_d
21974